La isla del tesoro /

Guardado en:
Autor Principal: Stevenson, Robert Louis
Formato: Libro
Publicado: Buenos Aires : Edhasa, 2008
Materias:
Etiquetas: Agregar Etiqueta
Sin Etiquetas, Sea el primero en etiquetar este registro!
LEADER 00607nam a22002175a 4500
001 CEM.cems013674
005 20120509121647.0
008 130507s2008##################000#0#####d
003 CEMS
020 |a 9788435033176 
082 0 4 |a 823.8 
100 1 |a Stevenson, Robert Louis 
245 1 0 |a La isla del tesoro /  |c Robert Louis Stevenson 
260 |a Buenos Aires :  |b Edhasa,  |c 2008 
300 |a 315 p. 
653 |a Literatura 
653 |a Literatura inglesa 
653 |a Novelas 
653 |a Novelas inglesas 
653 |a Novelas de aventuras 
859 |a CEMS  |b BIB. CEMS - 11 de abril  |h 823.8  |i St48-5  |p 26362.12  |t Ej.1